000 00834nas a2200277 4500
001 BR0400596
003 BR-BrBNA
005 20231205104312.0
007 ta
008 230509b bl.|||p| |||| 00| 00por d
040 _aBR-BrBNA
_bpor
_cBiblioteca Nacional de Agricultura
041 _a(Pt)
072 _aF01; U40
100 1 _aEpiphanio, J.C.N.
100 1 _aLuiz, A.J.B.
100 1 _aFormaggio, A.R.
245 1 _aEstimativa de áreas agrícolas municipais, utilizando sistema de amostragem simples sobre imagens de satélite
650 _aSOJA
650 _aMILHO
650 _aSAFRA
650 _aSENSORIAMENTO REMOTO
650 _aAGRICULTURA
773 0 _tBragantia (Brazil)
_xISSN 0006-8705
_g(May-Aug 2002), v. 61(2) p. 187-197
_wBR0400596
909 _a202311
_bLúcia
_c55
_dLúcia Elande
942 _2AGRIS
_n0
_cANA
999 _c177443
_d177443